Can Japan compete?

Saved in:
Bibliografiske detaljer
Main Authors: Porter, Michael E (Author), Takeuchi, Hirotaka (Author), Sakakibara, Mariko (Author)
Format: Bog
Sprog:engelsk
Udgivet: Hampshire Palgrave 2000
Fag:
Tags: Tilføj Tag
Ingen Tags, Vær først til at tagge denne postø!

MARC

LEADER 00000nam a2200000 a 4500
001 UCL3217
003 CL-VaPUC
008 031114e20000000uk |||||||||||||||||eng|d
020 |a 0333786580 
082 0 4 |a 337.52  |b POR  |2 21 
100 0 |a Porter, Michael E  |e author  |9 480485 
700 0 |a Takeuchi, Hirotaka  |e author  |9 480486 
700 0 |a Sakakibara, Mariko  |e author  |9 480487 
245 1 0 |a Can Japan compete? 
300 |a 208 p 
942 |c BK 
945 |d 20031114 00:00:00  |a cmena 
260 |a Hampshire  |b Palgrave  |c 2000 
500 |a Proyecto Fondo Fomento Actualización Docente 
650 0 |a Competitividad   |9 308495 
650 7 |a COMERCIO INTERNACIONAL  |2 CL-VaPUC  |9 480488 
650 0 |a Planificación estratégica   |9 259735 
650 0 |a Productividad   |9 335972 
650 7 |a SECTOR INDUSTRIAL  |2 CL-VaPUC  |9 346302 
651 0 |a Japón   |9 260391 
583 |a last modification  |c 20171130 06:52:36  |k Rodrigo Vera 
999 |c 306333  |d 306331 
952 |0 0  |1 0  |4 0  |6 337_520000000000000_POR_2000  |7 0  |8 A  |9 371279  |a BIBGIM  |b BIBGIM  |d 2019-11-21  |i 3965759  |o 337.52 POR 2000  |p 3965759  |r 2025-01-15  |w 2019-11-21  |y BK  |k GIM 
952 |0 0  |1 0  |4 0  |6 337_520000000000000_POR_2000  |7 0  |8 A  |9 371280  |a BIBGIM  |b BIBGIM  |d 2019-11-21  |i 4212088  |o 337.52 POR 2000  |p 4212088  |r 2025-01-15  |w 2019-11-21  |y BK  |k ORI